000
00332 a2200109 4500
001
ART_34686
005
20260410161928.0
008
260409a
245
1
0
_a
El Comité asesor del Consejo de derechos humanos
100
1
_a
Coriolano, Mario
773
0
_t
Derechos humanos
_g
- Año III, Nº 7 (sep. 2015)
_w
REV22278
999
_c
28331
_d
28331